Normal view MARC view

Entry Personal Name

Number of records used in: 1

001 - CONTROL NUMBER

  • control field: 114833

003 - CONTROL NUMBER IDENTIFIER

  • control field: OSt

005 - DATE AND TIME OF LATEST TRANSACTION

  • control field: 20220918205330.0

008 - FIXED-LENGTH DATA ELEMENTS

  • fixed length control field: 220918|| aca||aabn | a|a d

040 ## - CATALOGING SOURCE

  • Original cataloging agency: OSt
  • Transcribing agency: OSt

100 ## - HEADING--PERSONAL NAME

  • Personal name: Union Of South Africa Coloured Affairs (Commissioner for-)

670 ## - SOURCE DATA FOUND

  • Source citation: Work cat.: (OSt)239540: Union Of South Africa Coloured Affairs (Commissioner for-) 114832, Report for the year ended 31st March 1952, 1952
Copyright @ Delhi University Library System